000 00437nam a22001697a 4500
005 20221215125538.0
008 221215b |||||||| |||| 00| 0 eng d
020 _a978-935433-781-9
041 _aeng
082 _a332.1-GOR-B
100 _aGORDON,E AND NATARAJAN,K
_97340
245 _aBANKING THEORY ,LAW AND PRACTICE
250 _a29th ed.
260 _aMUMBAI
_bHIMALAYA PUBLISHING HOUSE
_c2022
300 _a391;P.
942 _cBK
999 _c8040
_d8038